|
|
|
|
| LEADER |
00000nam a2200000 a 4500 |
| 001 |
UCL2686 |
| 003 |
CL-VaPUC |
| 008 |
031031e20010000CK |||||||||||||||||spa|d |
| 020 |
|
|
|a 9580462356
|
| 082 |
0 |
4 |
|a 658.8
|b SIL
|2 21
|
| 100 |
0 |
|
|a Silverman, George
|e author
|9 479817
|
| 245 |
1 |
4 |
|a Los secretos del marketing boca a boca: cómo desencadenar ventas exponenciales propiciando la circulación de información
|
| 300 |
|
|
|a 275 p
|
| 942 |
|
|
|c BK
|
| 945 |
|
|
|d 20031031 00:00:00
|a cmena
|
| 260 |
|
|
|a Bogotá
|b Norma
|c 2001
|
| 650 |
|
0 |
|a Marketing
|9 259324
|
| 650 |
|
0 |
|a Planificación estratégica
|9 259735
|
| 650 |
|
0 |
|a Ventas
|9 259323
|
| 650 |
|
0 |
|a Toma de decisiones
|9 257530
|
| 583 |
|
|
|a last modification
|c 20031031 00:00:00
|k Rodrigo Vera
|
| 999 |
|
|
|c 305930
|d 305928
|
| 952 |
|
|
|0 0
|1 0
|4 0
|6 658_800000000000000_SIL_2001
|7 0
|8 A
|9 370491
|a BIBENE
|b BIBENE
|d 2019-11-21
|i 3959783
|o 658.8 SIL 2001
|p 3959783
|r 2025-01-15
|w 2019-11-21
|y BK
|k ICO
|